000 00371 a2200121 4500
001 ART_3266
005 20260410161713.0
008 260409a
245 1 0 _aLa formación del producto agropecuarioargentino
100 1 _aReca, Lucio G.
700 1 _aVerstraeten, Juan
773 0 _tDesarrollo económico
_g- Vol. 17, Nº 67 (oct./dic. 1977)
_wREV1174
999 _c16270
_d16270